Laporan tahunan 2003 =
| Corporate Author: | |
|---|---|
| Format: | Book |
| Published: |
[S.I]:
MIDF,
2003.
|
| Subjects: |
| LEADER | 00547cam a2200157 7i4500 | ||
|---|---|---|---|
| 001 | 0000026625 | ||
| 005 | 20110715090000.0 | ||
| 090 | 0 | 0 | |a M 332.31 |b MAL |
| 110 | 2 | 0 | |a Malaysia Industrial Development Finance Berhad (MIDF) |
| 245 | 2 | 0 | |a Laporan tahunan 2003 = |l Annual report. |
| 260 | 0 | 0 | |a [S.I]: |b MIDF, |c 2003. |
| 300 | # | # | |a 246p. |
| 650 | 0 | 0 | |a Development credit corporations -- |x Annual report -- |z Malaysia |
| 650 | 0 | 0 | |a Industrial promotion -- |x Annual report -- |z Malaysia |
| 651 | 0 | 0 | |a Malaysia |
| 999 | |a 0000015133 |b Book |c Malaysia |e Business Information Centre | ||